000 00867nam a2200277 i 4500
001 42554
003 ES-MaACL
005 20230906160633.0
007 t|
008 030407s2002 sp ||||1| spa d
020 _a84-350-2612-4
080 _a273.233(091)
100 1 _aOldenbourg, Zoé.
_986693
245 1 3 _aLa hoguera de Montsegur
_b: 16 de marzo de 1244 /
_cZoé Oldenbourg ; [ traducción y prólogo: Antoni Dalmau].
250 _a1ª ed.
260 _aBarcelona :
_bEdhasa,
_c2002.
300 _a548 p. ;
_c23 cm.
490 1 _aEnsayo histórico
500 _aSubtit. de la cub.: Los cátaros en la historia.
504 _aBibliografía: p.[479]-518.
650 4 _aCátaros-
_vHistoria.
_910842
700 1 _aDalmau, Antoni.
_942508
830 0 _aEnsayo histórico
_9181946
852 _aES-MaACL
_jL-26146
_bR.131897
999 _c42554
_d42554